000 00651cam a22002411 4500
001 7963189
003 OSt
005 20230626131813.0
008 780209s1961 enk 000 0 eng
010 _a 61002641
035 _a(OCoLC)3620733
040 _aDLC
_cICRC
_dICRC
_dDLC
043 _ae-uk-en
050 0 0 _aHD6664
_b.L58
082 _a331.880942
_bLER
100 1 _aLerner, Shirley W.
245 1 0 _aBreakaway unions and the small trade union.
260 _aLondon,
_bRuskin House
_c[1961]
300 _a210 p.
_c23 cm.
650 0 _aLabor unions
_zGreat Britain.
906 _a7
_bcbc
_coclcrpl
_du
_encip
_f19
_gy-gencatlg
942 _2ddc
_cBK
999 _c2718
_d2718